[Event "St Veit op 41st"]
[Site "St Veit"]
[Date "2022.07.12"]
[Round "5"]
[White "Rabensteiner, Klaus"]
[Black "Blasge, Tobias"]
[Result "0-1"]
[WhiteElo "2019"]
[BlackElo "1826"]
[PlyCount "104"]
[EventDate "2022.07.09"]
[EventType "swiss"]
[EventRounds "9"]
[EventCountry "AUT"]
[SourceTitle "CBM 209 Extra"]
[Source "ChessBase"]
[SourceDate "2022.09.30"]
[SourceVersion "1"]
[SourceVersionDate "2022.09.30"]
[SourceQuality "1"]

1. d4 d5 2. e3 Nf6 3. Bd3 e6 4. f4 c5 5. c3 Nc6 6. Nf3 Be7 7. Nbd2 0-0 8. 0-0 Qc7 9. Ne5 a6 10. a4 b6 11. Qe2 Bb7 12. Ndf3 Ne4 13. Nxc6 Bxc6 14. Ne5 Bb7 15. Bd2 f6 16. Nf3 c4 17. Bc2 Bd6 18. Be1 b5 19. Nd2 Bc6 20. Qf3 Qb7 21. Nxe4 dxe4 22. Qg4 f5 23. Qe2 Bd5 24. axb5 axb5 25. Bd2 b4 26. cxb4 Bxb4 27. Bc3 Rxa1 28. Rxa1 Bxc3 29. bxc3 Qb2 30. Ra7 Qxc3 31. Rc7 Ra8 32. h3 Qa5 33. Rxc4 Bxc4 34. Qxc4 Qd5 35. Qb4 h6 36. Bb3 Qd7 37. Qb6 Re8 38. Qa5 Qd6 39. Qxf5 Qc6 40. Qg6 Re7 41. f5 Qc1+ 42. Kh2 Qxe3 43. Bxe6+ Kh8 44. d5 Qd4 45. Qg3 Re8 46. d6 e3 47. d7 Rf8 48. Qe1 Qd2 49. Qxd2 exd2 50. Bb3 Rd8 51. Kg1 Rxd7 52. Bd1 Re7 0-1

[Event "St Veit op-B 36th"]
[Site "St Veit"]
[Date "2017.07.08"]
[Round "1.8"]
[White "Totschnig, Hans Peter"]
[Black "Rabensteiner, Klaus"]
[Result "0-1"]
[WhiteElo "1782"]
[BlackElo "2047"]
[PlyCount "100"]
[EventDate "2017.07.08"]
[EventType "swiss"]
[EventRounds "9"]
[EventCountry "AUT"]
[SourceTitle "EXT 2024"]
[Source "ChessBase"]
[SourceDate "2023.10.10"]
[SourceVersion "1"]
[SourceVersionDate "2023.10.10"]
[SourceQuality "1"]

1. e4 e6 2. d4 d5 3. e5 c5 4. c3 Nc6 5. Nf3 Bd7 6. a3 a5 7. Be2 Qb6 8. 0-0 cxd4 9. cxd4 Nge7 10. Nc3 Nf5 11. Na4 Qa7 12. Be3 Rb8 13. Qc1 Ncxd4 14. Nxd4 Nxd4 15. Bd1 b5 16. Qc3 bxa4 17. Bxd4 Qa6 18. f4 Rc8 19. Qe3 Qc6 20. Bg4 Bc5 21. Rac1 Bxd4 22. Qxd4 Qb7 23. Rxc8+ Qxc8 24. Qb6 0-0 25. Qxa5 Qc4 26. g3 Rc8 27. Rf2 g6 28. Be2 Qd4 29. Kg2 Kg7 30. Qa6 Qxb2 31. Qd6 Rd8 32. Qe7 Qb8 33. h4 Bc6 34. h5 Rd7 35. Qf6+ Kg8 36. hxg6 hxg6 37. Kg1 Qd8 38. Qxd8+ Rxd8 39. Bd1 Rb8 40. Rc2 Rb1 41. Rxc6 Rxd1+ 42. Kf2 Rd3 43. Ra6 Rxa3 44. g4 Kg7 45. Ra7 Ra2+ 46. Kg3 a3 47. Kh4 Ra1 48. Kg5 a2 49. f5 gxf5 50. gxf5 Rg1+ 0-1

[Event "St Veit op-B 35th"]
[Site "St Veit"]
[Date "2016.07.12"]
[Round "5"]
[White "Steiner, Peter"]
[Black "Rabensteiner, Klaus"]
[Result "0-1"]
[WhiteElo "1941"]
[BlackElo "2071"]
[PlyCount "56"]
[EventDate "2016.07.09"]
[EventType "swiss"]
[EventRounds "9"]
[EventCountry "AUT"]
[SourceTitle "EXT 2017"]
[Source "ChessBase"]
[SourceDate "2016.10.25"]
[SourceVersion "1"]
[SourceVersionDate "2016.10.25"]
[SourceQuality "1"]

1. e4 e6 2. d4 d5 3. e5 c5 4. c3 Nc6 5. Nf3 Bd7 6. Be2 Qb6 7. 0-0 Rc8 8. dxc5 Bxc5 9. b4 Be7 10. Be3 Qc7 11. b5 Nxe5 12. Nxe5 Qxe5 13. Bd4 Qg5 14. f4 Qh6 15. Bxa7 Nf6 16. a4 0-0 17. Bd4 Bc5 18. Nd2 Rfd8 19. Bd3 e5 20. Bxc5 Rxc5 21. Nb3 Rxc3 22. Be2 exf4 23. Nd4 f3 24. Rxf3 Ng4 25. h3 Rxf3 26. hxg4 Qe3+ 27. Kh1 Rf6 28. Nf3 Bxg4 0-1

[Event "St Veit op-B 35th"]
[Site "St Veit"]
[Date "2016.07.10"]
[Round "3"]
[White "Rabensteiner, Klaus"]
[Black "Prem, Dominik"]
[Result "1/2-1/2"]
[WhiteElo "2071"]
[BlackElo "1919"]
[PlyCount "40"]
[EventDate "2016.07.09"]
[EventType "swiss"]
[EventRounds "9"]
[EventCountry "AUT"]
[SourceTitle "EXT 2017"]
[Source "ChessBase"]
[SourceDate "2016.10.25"]
[SourceVersion "1"]
[SourceVersionDate "2016.10.25"]
[SourceQuality "1"]

1. d4 d5 2. e3 Nf6 3. Bd3 e6 4. f4 Nbd7 5. Nf3 c5 6. c3 Bd6 7. Ne5 b6 8. Nd2 Bb7 9. 0-0 0-0 10. Qf3 Rc8 11. g4 cxd4 12. exd4 Ne8 13. Qh3 g6 14. Ndf3 f5 15. Ng5 Qe7 16. gxf5 exf5 17. Bd2 Nef6 18. Rae1 Ne4 19. Nxe4 dxe4 20. Bc4+ Kg7 1/2-1/2

[Event "St Veit op-B 35th"]
[Site "St Veit"]
[Date "2016.07.09"]
[Round "1"]
[White "Rabensteiner, Klaus"]
[Black "Huemer, Gerald"]
[Result "1/2-1/2"]
[WhiteElo "2071"]
[BlackElo "1748"]
[PlyCount "76"]
[EventDate "2016.07.09"]
[EventType "swiss"]
[EventRounds "9"]
[EventCountry "AUT"]
[SourceTitle "EXT 2017"]
[Source "ChessBase"]
[SourceDate "2016.10.25"]
[SourceVersion "1"]
[SourceVersionDate "2016.10.25"]
[SourceQuality "1"]

1. c4 Nf6 2. Nc3 c5 3. g3 e6 4. e4 d6 5. Bg2 a6 6. Nge2 Qc7 7. 0-0 Be7 8. b3 Nbd7 9. Bb2 Rb8 10. d4 cxd4 11. Nxd4 0-0 12. Qd2 b6 13. Rac1 Bb7 14. Rfd1 Rfc8 15. f3 Ba8 16. Kh1 h6 17. Nde2 Qb7 18. Nf4 b5 19. cxb5 axb5 20. Bf1 b4 21. Na4 Ne5 22. Bxe5 dxe5 23. Nd3 Rxc1 24. Rxc1 Nxe4 25. fxe4 Bg5 26. Qc2 Qxe4+ 27. Bg2 Qxg2+ 28. Qxg2 Bxg2+ 29. Kxg2 Bxc1 30. Nxc1 Rd8 31. Kf3 f5 32. Ke3 g5 33. Nd3 f4+ 34. Ke2 fxg3 35. hxg3 Rd4 36. Ke3 Rg4 37. Kf3 Rd4 38. Ke3 Rg4 1/2-1/2

[Event "Faakersee op 21st"]
[Site "Latschach"]
[Date "2005.08.18"]
[Round "7"]
[White "Hrenic, Misa"]
[Black "Rabensteiner, Klaus"]
[Result "1/2-1/2"]
[WhiteElo "1942"]
[BlackElo "2096"]
[PlyCount "47"]
[EventDate "2005.08.13"]
[EventType "swiss"]
[EventRounds "9"]
[EventCountry "AUT"]
[SourceTitle "EXT 2006"]
[Source "ChessBase"]
[SourceDate "2005.11.24"]
[SourceVersion "1"]
[SourceVersionDate "2005.11.24"]
[SourceQuality "1"]

1. e4 e6 2. d4 d5 3. Nd2 dxe4 4. Nxe4 Bd7 5. Nf3 Bc6 6. Bd3 Nd7 7. 0-0 Be7 8. c3 Ngf6 9. Ng3 Bxf3 10. Qxf3 c6 11. Re1 0-0 12. Bf4 Re8 13. Rad1 Bf8 14. Be5 g6 15. Ne4 Nxe4 16. Bxe4 Bg7 17. Bxg7 Kxg7 18. Qg3 Nb6 19. b3 Qe7 20. h4 Rad8 21. Bb1 Nd5 22. c4 Nf6 23. Qf3 Kg8 24. g3 1/2-1/2

[Event "Faakersee op 21st"]
[Site "Latschach"]
[Date "2005.08.15"]
[Round "4"]
[White "Rabensteiner, Klaus"]
[Black "Stephan, Axel"]
[Result "0-1"]
[WhiteElo "2096"]
[BlackElo "2204"]
[PlyCount "86"]
[EventDate "2005.08.13"]
[EventType "swiss"]
[EventRounds "9"]
[EventCountry "AUT"]
[SourceTitle "EXT 2006"]
[Source "ChessBase"]
[SourceDate "2005.11.24"]
[SourceVersion "1"]
[SourceVersionDate "2005.11.24"]
[SourceQuality "1"]

1. c4 e5 2. Nc3 Nf6 3. g3 d5 4. cxd5 Nxd5 5. Bg2 Nb6 6. e3 Be7 7. Nge2 0-0 8. 0-0 Nc6 9. d4 exd4 10. exd4 Bf6 11. Bf4 a6 12. d5 Ne5 13. h3 Nbc4 14. b3 Nd6 15. Nd4 Ng6 16. Bxd6 cxd6 17. Ne4 Be5 18. f4 Qb6 19. fxe5 dxe5 20. Kh2 exd4 21. Rc1 Ne5 22. Nc5 Qh6 23. Qxd4 Ng4+ 24. Kg1 Ne3 25. Rf4 Nxg2 26. Kxg2 Qxh3+ 27. Kf3 h5 28. Rh4 Qf5+ 29. Rf4 Qh3 30. Rh4 Qf5+ 31. Rf4 Qg6 32. Nd3 Bg4+ 33. Kf2 Rac8 34. Rc4 b5 35. Ne5 Qb1 36. Rc6 Qxa2+ 37. Kg1 Qxb3 38. Kg2 Rxc6 39. Nxc6 Re8 40. Ne5 f6 41. Nxg4 hxg4 42. Rxg4 Re2+ 43. Kh3 Qf3 0-1

[Event "Faakersee op 21st"]
[Site "Latschach"]
[Date "2005.08.14"]
[Round "3"]
[White "Behm, Wilfried"]
[Black "Rabensteiner, Klaus"]
[Result "0-1"]
[WhiteElo "1892"]
[BlackElo "2096"]
[PlyCount "64"]
[EventDate "2005.08.13"]
[EventType "swiss"]
[EventRounds "9"]
[EventCountry "AUT"]
[SourceTitle "EXT 2006"]
[Source "ChessBase"]
[SourceDate "2005.11.24"]
[SourceVersion "1"]
[SourceVersionDate "2005.11.24"]
[SourceQuality "1"]

1. d4 e6 2. c4 Nf6 3. Nc3 d5 4. e3 b6 5. Nf3 Bb7 6. a3 Nbd7 7. Be2 c5 8. 0-0 Rc8 9. dxc5 Bxc5 10. cxd5 Nxd5 11. Nxd5 Bxd5 12. Qa4 0-0 13. Qg4 Nf6 14. Qh3 Be7 15. Rd1 Qc7 16. Bd2 Ne4 17. Bd3 f5 18. Ba6 Rcd8 19. Rdc1 Qb8 20. Be1 Nc5 21. Bb4 Bf6 22. Bxc5 bxc5 23. Rxc5 Qb6 24. Rxd5 Rxd5 25. Bc4 Qxb2 26. Rf1 Rd6 27. Qxf5 Qb6 28. e4 Rc6 29. Ba2 Bd4 30. Qh3 Bxf2+ 31. Kh1 Bd4 32. Rb1 Qxb1+ 0-1

[Event "Faakersee op 21st"]
[Site "Latschach"]
[Date "2005.08.14"]
[Round "2"]
[White "Rabensteiner, Klaus"]
[Black "Tokmachev, Mikhail"]
[Result "0-1"]
[WhiteElo "2096"]
[BlackElo "2302"]
[PlyCount "52"]
[EventDate "2005.08.13"]
[EventType "swiss"]
[EventRounds "9"]
[EventCountry "AUT"]
[SourceTitle "EXT 2006"]
[Source "ChessBase"]
[SourceDate "2005.11.24"]
[SourceVersion "1"]
[SourceVersionDate "2005.11.24"]
[SourceQuality "1"]

1. c4 c6 2. Nc3 d5 3. cxd5 cxd5 4. d4 Nf6 5. g3 Nc6 6. Bg2 Bf5 7. a3 e6 8. Bf4 Qb6 9. Qd2 Qxd4 10. Nb5 Qxd2+ 11. Kxd2 Kd7 12. Nf3 Ne4+ 13. Ke1 Bc5 14. e3 a6 15. Nbd4 Nxd4 16. exd4 Bb6 17. Rc1 Rhc8 18. Ke2 Nd6 19. Bd2 Be4 20. Bc3 f6 21. Rhe1 Nb5 22. Bh3 Nxc3+ 23. bxc3 Ba5 24. Kd2 Rxc3 25. Rxc3 Rc8 26. Ree3 Rxc3 0-1

[Event "Schwarzach op-B"]
[Site "Schwarzach"]
[Date "1999.??.??"]
[Round "3"]
[White "Mueller, Friedrich"]
[Black "Rabensteiner, Klaus"]
[Result "0-1"]
[WhiteElo "1620"]
[BlackElo "1830"]
[PlyCount "71"]
[EventDate "1999.08.??"]
[EventType "swiss"]
[EventRounds "9"]
[EventCountry "AUT"]
[SourceTitle "EXT 2000"]
[Source "ChessBase"]
[SourceDate "1999.11.16"]
[SourceVersion "1"]
[SourceVersionDate "1999.11.16"]
[SourceQuality "1"]

1. d4 Nf6 2. Nf3 e6 3. c4 b6 4. g3 Bb7 5. Bg2 Be7 6. Nc3 d5 7. 0-0 Nbd7 8. Ne5 0-0 9. Bf4 c6 10. cxd5 Nxd5 11. Nxd5 cxd5 12. Rc1 Nxe5 13. Bxe5 Bd6 14. Rc2 f6 15. Bxd6 Qxd6 16. Qd2 Rac8 17. Rfc1 Rxc2 18. Rxc2 Rc8 19. Bh3 Rc6 20. Rxc6 Qxc6 21. Qc3 Kf7 22. Qxc6 Bxc6 23. f4 Ke7 24. e3 Bb5 25. Bf1 Bxf1 26. Kxf1 e5 27. f5 Kd6 28. Ke2 exd4 29. exd4 Kc6 30. Kd3 Kb5 31. Kc3 Ka4 32. g4 b5 33. a3 a6 34. h4 h6 35. g5 hxg5 36. hxg5 0-1

[Event "Schwarzach op-B"]
[Site "Schwarzach"]
[Date "1999.??.??"]
[Round "8"]
[White "Rabensteiner, Klaus"]
[Black "Renner, Gabriele"]
[Result "1/2-1/2"]
[WhiteElo "1830"]
[BlackElo "1760"]
[PlyCount "70"]
[EventDate "1999.08.??"]
[EventType "swiss"]
[EventRounds "9"]
[EventCountry "AUT"]
[SourceTitle "EXT 2000"]
[Source "ChessBase"]
[SourceDate "1999.11.16"]
[SourceVersion "1"]
[SourceVersionDate "1999.11.16"]
[SourceQuality "1"]

1. d4 d5 2. e3 Nf6 3. Bd3 Bg4 4. Ne2 e6 5. c4 c6 6. Nbc3 Bd6 7. Qc2 Nbd7 8. 0-0 0-0 9. f3 Bh5 10. f4 Re8 11. Ng3 Bg6 12. Bxg6 hxg6 13. e4 dxe4 14. Ncxe4 Nxe4 15. Nxe4 Be7 16. Be3 Nf6 17. Rad1 Ng4 18. Qe2 Nxe3 19. Qxe3 Qa5 20. Qb3 Qc7 21. d5 exd5 22. cxd5 cxd5 23. Rxd5 Rad8 24. Rxd8 Rxd8 25. g3 Qc6 26. Re1 Kf8 27. Qc3 Qb6+ 28. Qe3 Qxe3+ 29. Rxe3 f5 30. Ng5 Bxg5 31. fxg5 Rd2 32. Rb3 b6 33. a4 Rd5 34. Re3 Rd4 35. b3 Kf7 1/2-1/2